| 000 | 00378nam a2200157Ia 4500 | ||
|---|---|---|---|
| 008 | 230711s9999||||xx |||||||||||||| ||und|| | ||
| 041 | _aENG | ||
| 082 |
_a624.18341 _bJA-D |
||
| 100 | _aJain,Ashok Kumar | ||
| 245 | 0 | _aDesign of concrete mix | |
| 250 | _a1st Ed. | ||
| 260 |
_c2012 _aNew Delhi _bNem Chand & Bros |
||
| 300 | _a31p. | ||
| 650 | _aCivil Engineering | ||
| 942 | _cBK | ||
| 999 |
_c6128 _d6128 |
||